Window Forensics: (Record no. 527396)

000 -LEADER
fixed length control field 00376nam a22001457a 4500
003 - CONTROL NUMBER IDENTIFIER
control field NUST
020 ## - INTERNATIONAL STANDARD BOOK NUMBER
International Standard Book Number 9781535312431
Qualifying information P/B.
038 ## - RECORD CONTENT LICENSOR
Staff Name waseem
082 ## - DEWEY DECIMAL CLASSIFICATION NUMBER
Classification number 005.8
Author Mark POL
100 ## - MAIN ENTRY--PERSONAL NAME
Personal name Polstra, Phlilp
9 (RLIN) 18629
245 ## - TITLE STATEMENT
Title Window Forensics:
Remainder of title with Python Scripting /
Statement of responsibility, etc. Phlilp Polstra
260 ## - PUBLICATION, DISTRIBUTION, ETC.
Place of publication, distribution, etc. Germany :
Name of publisher, distributor, etc. Pentester Academy,
Date of publication, distribution, etc. 2016.
300 ## - PHYSICAL DESCRIPTION
Extent 529 p. ;
942 ## - ADDED ENTRY ELEMENTS (KOHA)
Source of classification or shelving scheme
Koha item type Book
Holdings
Withdrawn status Lost status Source of classification or shelving scheme Damaged status Not for loan Permanent Location Current Location Shelving location Date acquired Total Checkouts Total Renewals Full call number Barcode Date last seen Date last checked out Price effective from Koha item type
          Central Library (CL) Central Library (CL) First Floor - Artificial Intelligence/Data Mining 07/26/2019 2 4 005.8 POL CL-147 10/14/2025 04/18/2025 07/26/2019 Book
          Central Library (CL) Central Library (CL) First Floor - Artificial Intelligence/Data Mining 07/27/2019     005.8 POL CL-148 07/27/2019   07/27/2019 Book
© 2023 Central Library, National University of Sciences and Technology. All Rights Reserved.